000 01070nam a22003497a 4500
001 BR9401762
003 BR-BrBNA
005 20230928093914.0
007 ta
008 230509b bl.||||| |||| 00| 0 por d
040 _aBR-BrBNA
_bpor
_cBiblioteca Nacional de Agricultura
041 _a(Por)
072 _aF01; F04; H20
_b0180
090 _ 0180 BR9401762
110 1 _aCentro de Pesquisa Agropecuaria dos Cerrados, Planaltina, DF (Brasil)
111 1 _a3. Reuniao da Comissao Centro Brasileira de Pesquisa de Trigo
_cBrasilia, DF (Brazil)
_d1-5 Dec 1986
245 1 _aRecomendacoes da Comissao Centro Brasileira de Pesquisa de Trigo para o ano de 1987
260 3 _aPlanaltina, DF (Brasil):
_c1987.
300 _a59 p.
500 _a15 tables
650 _aTrigo
650 _aVariedade
650 _aEpoca de Plantio
650 _aPratica Cultural
650 _aCalagem
650 _aAdubacao
650 _aDoenca de Planta
650 _aPraga de Planta
650 _aControle Quimico
909 _a202309
_bLucia
_c55
_dLucia Elande
942 _cBK
999 _c47821
_d47821